000 00592nam a2200181Ia 4500
005 20260429112041.0
008 260429s9999||||xx |||||||||||||| ||und||
020 _a9789387261136
041 _aHindi
082 _a891.438
_bSHA
100 _aशर्मा, जे.पी.
245 0 _aकबीर दास :
_bजीवन और दर्शन /
_cजे.पी. शर्मा
250 _arev.
260 _aदिल्ली :
_bएकैडमिक पब्लिकेशन,
_c2026.
300 _a243 p.; Hb
650 _aहिंदी गद्य
942 _cTB
999 _c52087
_d52087